000 00352 a2200121 4500
001 92337
082 _aPR 2380
090 _c44294
_d44295
100 _aWaqas;Prof Khalid Saleemi and Iftikhar Ali (Advisors)
245 _aDesign of Voice Over Internet Protocol (VOIP) System
_n60'B' EC
260 _aIslamabad
_bNUST
_c2005
500 _aBE Project Reoprt
942 _aCAE NUST
_kPR 2380
999 _c327410
_d327410